000 00354 a2200157 4500
001 58743
020 _a857472513
040 _cAnchieta - Pituba
100 _aMarques, Adhemar
240 1 0 _aPelos caminhos da história
_lpor
245 1 0 _aPelos caminhos da história
300 _a736
362 0 _a2006
650 4 _aHistória do mundo
942 _cBK
999 _c58743
_d58743